Statistiques concernant Pays organisateurs des grands événements sportifs (années en xxx6)

Cliquez ici pour prendre le quiz!

Statistiques générales

  • Ce quiz a été pris 74 fois
  • Le résultat moyen est 9 sur 12

Statistiques - réponses

CompétitionPays organisateur% Correct
Euro 2016France
95%
Jeux Olympiques 2016Brésil
94%
Jeux Olympiques 1896Grèce
87%
Coupe du Monde 2006Allemagne
86%
Jeux Olympiques 1936Allemagne
84%
Coupe du Monde 1966Angleterre
84%
Jeux Olympiques 1996Etats-Unis
83%
Coupe du Monde 1986Mexique
78%
Euro 1996Angleterre
68%
Jeux Olympiques 1976Canada
63%
Jeux Olympiques 1956Australie
60%
Euro 1976Yougoslavie
44%

Distribution des résultats

Percentile par nombre de réponses

% des personnes avec chaque résultat

Votre développement - résultats

Vous n’avez pas pris ce quiz